Quizzes
Events
Quiz Creation
Community
Videos
Private Events
Remove Ads
Sign In
Join for FREE
Feedback
Dark Mode
Quiz Categories
Sports
Geography
Music
Movies
Television
Just For Fun
Miscellaneous
History
Literature
Language
Science
Gaming
Entertainment
Religion
Holiday
For Kids
Quiz Lab
Recent
Popular Today
Quiz Kudos Today
Editor Picks
Curator Picks
Quizzes by...
Day
Popularity
Type
Ratings
Length
Year
Community
Subscriptions
Recent Discussions
Orange Saloon
Badges
Playlists
Quests
Create
Leaderboards
Showdown
Live 5
Trivia Bingo
Activity
Puzzle Library
Sporcle Events
Private Events
Virtual Trivia
Globe League
Become a Host
Pub Owners
SporcleCon
Opinionation
Our Games
Videos
Blog
Mobile Apps
Partnerships
Remove Ads and Go Orange
Feedback
Sports
Athletes
MLB
NBA
NHL
NFL
Soccer
Sports Teams
WWE
NCAA
Football
Premier League
Basketball
Baseball
Hockey
Golf
Tennis
Cricket
Rugby
Auto Racing
Olympics
World Cup
Sports
Athletes
MLB
NBA
NHL
NFL
Soccer
Sports Teams
WWE
NCAA
Football
Premier League
Basketball
Baseball
Hockey
Golf
Tennis
Cricket
Rugby
Auto Racing
Olympics
World Cup
Random Quiz
Search Sporcle
×
Quiz Lab
Quiz Lab
Sports
appearance
Type in answers that appear in a list
Type in answers that appear in a list
Classic
Best Score? Go Orange.
Aldershot Town FC's leading appearances Stats
Can you name the Can you name Aldershot Town FC's leading appearance makers?
By
willberto
15m
101 Questions
239 Plays
239 Plays
239 Plays
Comments
Comments
Give Quiz Kudos
Give Quiz Kudos
-
- Ratings
hide this ad
More Info
Replay
Link that replays current quiz
Next Quiz
Link to next quiz in quiz playlist
You Got
0%
They Got
Avg Score
39%
Avg Friend Score
Upgrade to see
Score Distribution
Jump to the score distribution portion of the page
Score
0/101
Timer
15:00
0
Plays Today
Games
Players Name
% Correct
313
Nikki Bull
90.8%
489
Jason Chewins
84.5%
304
Mark Butler
80.8%
228
Anthony Charles
80.3%
178
Anthony Straker
77.4%
142
Danny Hylton
77.4%
88
Ben Herd
73.2%
85
Lee Charles
70.7%
62
Jamie Young
69.9%
174
Roy Young
67.8%
150
John Grant
66.5%
61
Joel Grant
66.1%
155
Gary Abbott
65.3%
145
Tim Sills
65.3%
47
Darren Jones
63.6%
186
Ben Harding
63.2%
126
Steve Stairs
62.8%
110
Roscoe D'Sane
61.5%
87
Scott Davies
60.3%
105
Marvin Morgan
59.4%
98
Ray Warburton
58.6%
94
Aaron McLean
57.7%
126
Darren Barnard
55.2%
182
Louis Soares
53.1%
179
Kirk Hudson
52.3%
105
Lewis Chalmers
50.2%
201
Jimmy Sugrue
48.5%
140
Mark Watson
48.1%
88
Scott Donnelly
48.1%
235
Stuart Udal
47.3%
71
Dean Smith
46%
121
Andy Nunn
45.6%
167
Dave Osgood
45.2%
65
Steve Watson
44.8%
Games
Players Name
% Correct
112
Dave Winfield
42.7%
47
Luke Guttridge
42.3%
190
Owen Coll
41.8%
114
Mark Bentley
41.8%
84
Ryan Williams
41.4%
119
Ian Hathaway
39.7%
83
Ryan Scott
39.7%
78
Gary Phillips
39.3%
53
Adam Miller
38.9%
113
Rhys Day
38.5%
97
Jon Challinor
38.1%
78
Dean Hooper
37.7%
107
Stafford Browne
37.2%
137
Keith Baker
36.4%
74
Johnny Dixon
35.1%
46
John Halls
35.1%
125
Tony Calvert
34.7%
63
Andy Sandell
33.5%
193
Danny Holmes
32.6%
160
Richard Gell
32.6%
117
Lee Holsgrove
32.6%
104
Steve Harris
32.2%
79
Grant Payne
32.2%
46
Rob Gier
32.2%
62
Mikael Jaimez-Ruiz
31.8%
78
Andy Pape
31.4%
67
Rob Elvins
31.4%
56
Shaun May
31.4%
99
Dominic Sterling
31%
79
John Nutter
30.5%
101
Ricky Newman
29.3%
46
Wayne Andrews
28.9%
101
Nick Crittenden
28.5%
66
Gareth Howells
28%
Games
Players Name
% Correct
140
Tony Cleeve
27.6%
87
Chris Blackburn
27.6%
93
Lee Protheroe
27.2%
66
Will Antwi
27.2%
76
Joe Nartey
26.4%
119
Paul Chambers
25.5%
48
Gary Holloway
24.3%
117
Colin Fielder
23.4%
51
Chris Giles
22.6%
123
Ole Adedeji
22.2%
56
Chris Tomlinson
22.2%
54
Adam Parker
21.8%
51
Nick Roddis
21.8%
75
Mark Graham
20.9%
49
Stuart Cash
20.9%
75
Phil Burns
20.1%
74
John Humphrey
20.1%
56
Otis Hutchings
18.4%
64
Asa Head
17.2%
52
Mark Harper
17.2%
118
Neil Champion
16.7%
79
Ryan Kirby
16.7%
79
Nick Burton
16.3%
60
Terry Howard
16.3%
57
Darren O'Neill
16.3%
49
Simon Bassey
16.3%
95
Andy Parr
15.5%
46
Soloman Eriemo
15.5%
68
Darren Brodrick
14.6%
59
Mick Bullen
14.6%
49
Steve Beeks
13.8%
51
Andy Russell
12.6%
46
Scott Forrester
10%
Quiz Playlist
Details
Report
Send in Message
Add To Playlist
More Info:
Only appearances in completed competitive first team matches have been included. Data up to date as of 12/05/2011
Classic:
Type in answers that appear in a list
Last Updated: Feb 16, 2017
Quiz Scoreboard
CHALLENGE
Sign Up to Join the Scoreboard
Show All
Scores
Hide
Comments
May contain spoilers
Recently Published
One Thing in Common: World Cities II
by knightlancer
Geography
7m
Popular People in 1961
by mucciniale
History
6m
1-10 Letter E Words III
by El_Dandy
Language
2m
More to Explore
Quiz From the Vault
Featured Blog Post
Where Did the Easter Bunny Come From?
hide this ad
You Might Also Like...
Tags
appearance
Leading
Maker
Player
Town
Today's Top Quizzes in Sports
Browse Sports
hide this ad
Today's Top Quizzes in appearance
Browse appearance
Top Contributed Quizzes in Sports
1
Les meilleurs buteurs des matchs entre le PSG et l’OM
2
Les entraîneurs de l'OM et du PSG au 21e siècle
3
FIFA Club World Cup Champions
4
2022 World Cup Stars
5
Name the Premier League winners with different clubs
6
La finale Lions - Afrique du Sud 2021
7
Criteria MLB: Left Handed Sluggers
8
Players with Multiple 50 Home Run Seasons
9
MLB Players with Two .350 Batting Average Seasons
10
MLB Hall of Famer by Rings
Explore More
Trending Topics
Marvel
Anime
Kpop
NBA
Harry Potter
Disney
Crossword
WWE
NFL
Soccer
Puzzle
Pokémon
Song
Country
The Office
hide this ad
More By:
willberto
Quiz
Plays
Rating
Category
Featured
Created
Aldershot Town FC's leading appearances
239
Sports
May 12, 2011
Go to Creator's Profile
Score Distribution
Quiz Creator Spotlight
willberto
Follow
Send a Message
Quizzes Created
-
Created Quiz Play Count
-
More By This Creator
Popular Quizzes Today
1
Find the US States - No Outlines Minefield
2
Find the Countries of Europe - No Outlines Minefield
3
The Countries of the World
4
Popular People in 1961
5
1-10 Letter E Words III
6
Find the US States
7
One Thing in Common: World Cities II
8
US States
More Sports Quizzes
Best NBA 2K Players Each Year for Each Team (2010s)
Quiz Lab
Trending Quizzes
Risky Map Clicking: Least Populous States A-Z
1-10 Letter F Words
1-10 Letter G Words
One Thing in Common: United Kingdom
Risky Map Clicking: Biggest States A-Z
Recently Updated
Leaping Animals
pecheneg
Reality TV Shows (A-Z)
bhenderson79
Rickey Henderson's Hall of Fame Teammates
pecheneg
Champions League XIs: Arsenal
pecheneg
Quick Pick: Celebrities in WWE's Hall of Fame
aduchscher
A-Z Keypad Blitz II
pecheneg
Multiple Oscar Actors
pecheneg
Mystery Phrase Blitz: Oscar 'Best Actors'
pecheneg
F. Scott Fitzgerald Novels
LTH
Pick 3 Villains
ddd62291
Trending Topics
Marvel
Disney
NBA
Crossword
Harry Potter
Kpop
Anime
Puzzle
Song
The Office
Soccer
Pokémon
NFL
Country
WWE
Your Account Isn't Verified!
In order to create a playlist on Sporcle, you need to verify the email address you used during registration. Go to your
Sporcle Settings
to finish the process.
Report this User
Report this user for behavior that violates our
Community Guidelines
.
Details:
Send Report
Go to the Sporcle.com Mobile Site →
Comments